Fish and fisheries of Australia / (Record no. 73621)
[ view plain ]
| 000 -LEADER | |
|---|---|
| fixed length control field | 00778nam a2200253 a 4500 |
| 001 - CONTROL NUMBER | |
| control field | 73621 |
| 003 - CONTROL NUMBER IDENTIFIER | |
| rucl marc code | BD-RjUL |
| 005 - DATE AND TIME OF LATEST TRANSACTION | |
| control field | 20211209082423.0 |
| 008 - FIXED-LENGTH DATA ELEMENTS--GENERAL INFORMATION | |
| fixed length control field | 170605s19711966at abf 001 0 eng d |
| 035 ## - SYSTEM CONTROL NUMBER | |
| System control number | (BD-RjUL)73839 |
| 040 ## - CATALOGING SOURCE | |
| Original cataloging agency | DLC/ICU |
| Transcribing agency | ICU |
| Modifying agency | BD-RjUL |
| Language of cataloging | eng |
| 041 ## - LANGUAGE CODE | |
| Language code of text/sound track or separate title | eng |
| 082 00 - DEWEY DECIMAL CLASSIFICATION NUMBER | |
| Classification number | 639.0994 |
| Edition number | 23 |
| Author mark and year | ROF 1971 |
| 100 1# - MAIN ENTRY--PERSONAL NAME | |
| Personal name | Roughley, T. C. |
| Fuller form of name | (Theodore Cleveland), |
| Dates associated with a name | 1889- |
| 9 (RLIN) | 71288 |
| 245 10 - TITLE STATEMENT | |
| Title | Fish and fisheries of Australia / |
| Statement of responsibility, etc. | by T.C. Roughley. |
| 250 ## - EDITION STATEMENT | |
| Edition statement | Revised ed. |
| 260 ## - PUBLICATION, DISTRIBUTION, ETC. (IMPRINT) | |
| Place of publication, distribution, etc. | Sydney ; |
| -- | London : |
| Name of publisher, distributor, etc. | Angus and Robertson, |
| Date of publication, distribution, etc. | 1966 [reprinting 1971]. |
| 300 ## - PHYSICAL DESCRIPTION | |
| Pagination | xv, 328 p. : |
| Illustrations | ill. ; |
| Size | 26 cm. |
| 500 ## - GENERAL NOTE | |
| General note | Includes index |
| 650 #0 - SUBJECT ADDED ENTRY--TOPICAL TERM | |
| Topical term or geographic name as entry element | Fisheries |
| Geographic subdivision | Australia. |
| 9 (RLIN) | 217891 |
| Topical term or geographic name as entry element | Fishes |
| Geographic subdivision | Australia. |
| 9 (RLIN) | 217892 |
| 942 ## - ADDED ENTRY ELEMENTS (KOHA) | |
| Source of classification or shelving scheme | Dewey Decimal Classification |
| Koha item type | Books |
| Lost status | Source of classification or shelving scheme | Damaged status | Not for loan | Collection code | Permanent Location | Current Location | Shelving location | Date acquired | Source of acquisition | Total Checkouts | Full call number | Date last seen | Copy number | Koha item type |
|---|---|---|---|---|---|---|---|---|---|---|---|---|---|---|
| Dewey Decimal Classification | Not For Loan | Non-fiction | Central Library, University of Rajshahi | Central Library, University of Rajshahi | Reading Room | 14/09/1973 | Govt. of Autralia | 639.0994 ROF 1971 | 05/06/2017 | C-1 | Books |